000 04199cam a2200385 a 4500
001 15562787
003 OSt
005 20140310181921.0
008 081219s2009 nyu b 001 0 eng
010 _a 2008054600
020 _a9781603290333 (hardcover : alk. paper)
020 _a1603290338 (hardcover : alk. paper)
020 _a9781603290340 (pbk. : alk. paper)
020 _a1603290346 (pbk. : alk. paper)
035 _a(OCoLC)ocn289096008
040 _aDLC
_cDLC
_dCDX
_dC#P
_dBWX
_dIXA
_dYDXCP
_dBTCTA
_dWTU
_dMNY
_dDLC
050 0 0 _aPN 59
_b.T46 2009
082 0 0 _aTR 807.1
_bD18 2009
245 0 0 _aTeaching world literature /
_cedited by David Damrosch.
260 _aNew York :
_bModern Language Association of America,
_c2009.
300 _a432 p. ;
_c23 cm.
490 1 _aModern Language Association of America options for teaching
504 _aIncludes bibliographical references (p. 403-416) and index.
505 0 _aAll the world in the time / David Damrosch -- Issues and definitions. Introduction ; The West and the rest: frames for world literature / Sarah Lawall ; The ethics of world literature: reading others, reading otherwise / Vilashini Cooppan ; Literary world systems / Emily Apter ; What is literature? Reading across cultures / Zhang Longki ; The place of difference in cross-cultural literacy / Anuradha Dingwaney Needham ; Teaching in translation / Lawrence Venuti -- Program strategies. Introduction ; Teaching world literature in a microcosm of the world / Kathleen L. Komar ; Habits of mind: Comparative Literature meets the world / Oscar Kenshur ; The afterlives of the Greeks; or, What is the canon of world literature / Jane O. Newman ; Western voices: western world literature in a learning community / Carol J. Luther ; Pioneering cross-cultural studies and world literature at Illinois / Michael Palencia-Roth ; Cultural encounters in global contexts: world literature as a one-semester general education course / John Burt Forster, Jr. ; World literature and the graduate curriculum / Caroline D. Eckhardt ; "The world's story": teaching literature in the twenty-first century / Collin Meissner and Margaret Doody -- Teaching strategies. Introduction ; Major cultures and minor literatures / David Damrosch ; Conversation in context: a dialogic approach to teaching world literature / Gary Harrison ; Writing in the oral tradition: reflections on the indigenous literatures of Australia, New Zealand, and North America / Elvira Pulitano ; Weaving women into world literature / Margaret R. Higonnet ; Sexuality, literature, and human rights in translation / Joseph A. Massad ; Finding the global in the local: explorations in interdisciplinary team teaching / Marjorie E. Rhine and Jeanne Gillespie ; Beyond lecture and discussion: the world's oldest approaches to literature / Thomas Beebee ; Collaborative assignments for world literature survey courses / Monika Brown
505 0 _aCourses. Introduction ; The adventures of the artist in world literature: a one-semester thematic approach / Carolyn Ayers ; American literature and Islamic time / Wai Chee Dimock ; Worlds of difference? Gay and Lesbian texts across cultures / Nikolai Endres ; Middle Eastern literature: an introduction / Carol Fadda-Conrey ; Cosmos versus empire: teaching the Ramayana in a comparative context / Raymond-Jean Frontain ; Off to join the online circus: the comic heroic journey of world literature / Elizabeth Horan ; Imagining the constructed body: from statues to cyborgs / Ellen Peel ; "Literature that changed the world": designing a world literature course / C.A. Prettiman ; Teaching world masterpieces through religious themes in literature / Eric Sterling ; Ancient and contemporary texts: teaching an introductory course in non-western literatures / Kathryn A. Walterschied.
521 _aFaculty.
541 _j1
562 _e1
650 0 _aLiterature
_xStudy and teaching.
_91658
700 1 _aDamrosch, David.
_91659
830 0 _aOptions for teaching.
_91660
906 _a7
_bcbc
_corignew
_d1
_eecip
_f20
_gy-gencatlg
942 _2lcc
_cBK-GR
_kTR
999 _c6990
_d6990